<?xml version="1.0" encoding="UTF-8"?>
<record
    xmlns:xsi="http://www.w3.org/2001/XMLSchema-instance"
    xsi:schemaLocation="http://www.loc.gov/MARC21/slim http://www.loc.gov/standards/marcxml/schema/MARC21slim.xsd"
    xmlns="http://www.loc.gov/MARC21/slim">

  <leader>02148    a2200349   4500</leader>
  <controlfield tag="003">NALT</controlfield>
  <controlfield tag="005">20251008151024.0</controlfield>
  <controlfield tag="008">190808b        th ||||| |||| 00| 0 tha d</controlfield>
  <datafield tag="020" ind1=" " ind2=" ">
    <subfield code="a">9786164454507</subfield>
  </datafield>
  <datafield tag="040" ind1=" " ind2=" ">
    <subfield code="a">NALT</subfield>
  </datafield>
  <datafield tag="041" ind1="0" ind2=" ">
    <subfield code="a">thaeng</subfield>
  </datafield>
  <datafield tag="050" ind1=" " ind2=" ">
    <subfield code="a">TR 647.B4</subfield>
    <subfield code="b">&#xE14;435&#xE20; 2560</subfield>
  </datafield>
  <datafield tag="100" ind1="0" ind2=" ">
    <subfield code="a">&#xE14;&#xE32;&#xE27; &#xE27;&#xE32;&#xE2A;&#xE34;&#xE01;&#xE28;&#xE34;&#xE23;&#xE34; </subfield>
    <subfield code="9">41528</subfield>
  </datafield>
  <datafield tag="245" ind1=" " ind2=" ">
    <subfield code="a">&#xE20;&#xE32;&#xE1E;&#xE16;&#xE48;&#xE32;&#xE22;&#xE1D;&#xE35;&#xE1E;&#xE23;&#xE30;&#xE2B;&#xE31;&#xE15;&#xE16;&#xE4C; &#xE1E;&#xE23;&#xE30;&#xE1A;&#xE32;&#xE17;&#xE2A;&#xE21;&#xE40;&#xE14;&#xE47;&#xE08;&#xE1E;&#xE23;&#xE30;&#xE1B;&#xE23;&#xE21;&#xE34;&#xE19;&#xE17;&#xE23;&#xE21;&#xE2B;&#xE32;&#xE20;&#xE39;&#xE21;&#xE34;&#xE1E;&#xE25;&#xE2D;&#xE14;&#xE38;&#xE25;&#xE22;&#xE40;&#xE14;&#xE0A; &#xE1A;&#xE23;&#xE21;&#xE19;&#xE32;&#xE16;&#xE1A;&#xE1E;&#xE34;&#xE15;&#xE23; =</subfield>
    <subfield code="b">Through the lens of His Majesty King Bhumibol Adulyadej / </subfield>
    <subfield code="c">&#xE04;&#xE13;&#xE30;&#xE1C;&#xE39;&#xE49;&#xE08;&#xE31;&#xE14;&#xE17;&#xE33;: &#xE14;&#xE32;&#xE27; &#xE27;&#xE32;&#xE2A;&#xE34;&#xE01;&#xE28;&#xE34;&#xE23;&#xE34; ... [&#xE41;&#xE25;&#xE30;&#xE04;&#xE19;&#xE2D;&#xE37;&#xE48;&#xE19; &#xE46;]. ; &#xE1C;&#xE39;&#xE49;&#xE41;&#xE1B;&#xE25;: &#xE18;&#xE23;&#xE23;&#xE14;&#xE23; &#xE42;&#xE2A;&#xE15;&#xE16;&#xE34;&#xE2D;&#xE33;&#xE23;&#xE38;&#xE07; ; &#xE1A;&#xE23;&#xE23;&#xE13;&#xE32;&#xE18;&#xE34;&#xE01;&#xE32;&#xE23;: &#xE19;&#xE34;&#xE15;&#xE34;&#xE01;&#xE23; &#xE01;&#xE23;&#xE31;&#xE22;&#xE27;&#xE34;&#xE40;&#xE0A;&#xE35;&#xE22;&#xE23;.  </subfield>
  </datafield>
  <datafield tag="250" ind1=" " ind2=" ">
    <subfield code="a">&#xE1E;&#xE34;&#xE21;&#xE1E;&#xE4C;&#xE04;&#xE23;&#xE31;&#xE49;&#xE07;&#xE17;&#xE35;&#xE48; 2.</subfield>
  </datafield>
  <datafield tag="260" ind1=" " ind2=" ">
    <subfield code="a">&#xE01;&#xE23;&#xE38;&#xE07;&#xE40;&#xE17;&#xE1E;&#xE2F; : </subfield>
    <subfield code="b">&#xE44;&#xE0B;&#xE40;&#xE1A;&#xE2D;&#xE23;&#xE4C;&#xE1E;&#xE23;&#xE34;&#xE49;&#xE19;&#xE17;&#xE4C;&#xE01;&#xE23;&#xE38;&#xE4A;&#xE1B;,</subfield>
    <subfield code="c">2560.</subfield>
  </datafield>
  <datafield tag="300" ind1=" " ind2=" ">
    <subfield code="a">224 &#xE2B;&#xE19;&#xE49;&#xE32; :</subfield>
    <subfield code="b">&#xE20;&#xE32;&#xE1E;&#xE1B;&#xE23;&#xE30;&#xE01;&#xE2D;&#xE1A; ;</subfield>
    <subfield code="c">29 &#xE0B;&#xE21;.</subfield>
  </datafield>
  <datafield tag="600" ind1="0" ind2="0">
    <subfield code="a">&#xE20;&#xE39;&#xE21;&#xE34;&#xE1E;&#xE25;&#xE2D;&#xE14;&#xE38;&#xE25;&#xE22;&#xE40;&#xE14;&#xE0A;,</subfield>
    <subfield code="c">&#xE1E;&#xE23;&#xE30;&#xE1A;&#xE32;&#xE17;&#xE2A;&#xE21;&#xE40;&#xE14;&#xE47;&#xE08;&#xE1E;&#xE23;&#xE30;&#xE1B;&#xE23;&#xE21;&#xE34;&#xE19;&#xE17;&#xE23;&#xE21;&#xE2B;&#xE32;, </subfield>
    <subfield code="d">2470-2559</subfield>
    <subfield code="x">&#xE1E;&#xE23;&#xE30;&#xE1A;&#xE23;&#xE21;&#xE09;&#xE32;&#xE22;&#xE32;&#xE25;&#xE31;&#xE01;&#xE29;&#xE13;&#xE4C;</subfield>
    <subfield code="9">41527</subfield>
  </datafield>
  <datafield tag="650" ind1=" " ind2="4">
    <subfield code="a">&#xE20;&#xE32;&#xE1E;&#xE16;&#xE48;&#xE32;&#xE22;</subfield>
    <subfield code="9">14690</subfield>
  </datafield>
  <datafield tag="653" ind1=" " ind2="4">
    <subfield code="a">&#xE20;&#xE32;&#xE1E;&#xE16;&#xE48;&#xE32;&#xE22;&#xE1D;&#xE35;&#xE1E;&#xE23;&#xE30;&#xE2B;&#xE31;&#xE15;&#xE16;&#xE4C;</subfield>
  </datafield>
  <datafield tag="700" ind1="0" ind2=" ">
    <subfield code="a">&#xE19;&#xE34;&#xE15;&#xE34;&#xE01;&#xE23; &#xE01;&#xE23;&#xE31;&#xE22;&#xE27;&#xE34;&#xE40;&#xE0A;&#xE35;&#xE22;&#xE23;.</subfield>
    <subfield code="9">22016</subfield>
  </datafield>
  <datafield tag="700" ind1="0" ind2=" ">
    <subfield code="9">41392</subfield>
    <subfield code="a">&#xE1B;&#xE23;&#xE32;&#xE13;&#xE35; &#xE28;&#xE38;&#xE20;&#xE27;&#xE31;&#xE12;&#xE19;&#xE40;&#xE01;&#xE35;&#xE22;&#xE23;&#xE15;&#xE34;</subfield>
  </datafield>
  <datafield tag="700" ind1="0" ind2=" ">
    <subfield code="a">&#xE10;&#xE32;&#xE19;&#xE34;&#xE28;&#xE23;&#xE4C; &#xE2D;&#xE21;&#xE23;&#xE18;&#xE35;&#xE23;&#xE2A;&#xE23;&#xE23;&#xE04;&#xE4C;</subfield>
    <subfield code="9">41390</subfield>
  </datafield>
  <datafield tag="700" ind1="0" ind2=" ">
    <subfield code="9">41394</subfield>
    <subfield code="a">&#xE2A;&#xE38;&#xE17;&#xE18;&#xE34;&#xE21;&#xE32;&#xE19; &#xE42;&#xE20;&#xE04;&#xE32;&#xE0A;&#xE31;&#xE22;&#xE1E;&#xE31;&#xE12;&#xE19;&#xE4C;</subfield>
  </datafield>
  <datafield tag="700" ind1="0" ind2=" ">
    <subfield code="a">&#xE2A;&#xE38;&#xE27;&#xE32;&#xE23;&#xE35; &#xE2A;&#xE31;&#xE19;&#xE18;&#xE17;&#xE23;&#xE31;&#xE1E;&#xE22;&#xE4C;</subfield>
    <subfield code="9">41391</subfield>
  </datafield>
  <datafield tag="700" ind1="0" ind2=" ">
    <subfield code="9">41395</subfield>
    <subfield code="a">&#xE02;&#xE08;&#xE23; &#xE1E;&#xE35;&#xE23;&#xE01;&#xE34;&#xE08;</subfield>
  </datafield>
  <datafield tag="700" ind1="0" ind2=" ">
    <subfield code="9">41512</subfield>
    <subfield code="a">&#xE19;&#xE49;&#xE33;&#xE1D;&#xE19; &#xE2D;&#xE31;&#xE07;&#xE28;&#xE38;&#xE18;&#xE23;&#xE23;&#xE31;&#xE07;&#xE2A;&#xE35;</subfield>
  </datafield>
  <datafield tag="700" ind1="0" ind2=" ">
    <subfield code="9">41513</subfield>
    <subfield code="a">&#xE18;&#xE23;&#xE23;&#xE14;&#xE23; &#xE42;&#xE2A;&#xE15;&#xE16;&#xE34;&#xE2D;&#xE33;&#xE23;&#xE38;&#xE07;</subfield>
  </datafield>
  <datafield tag="850" ind1=" " ind2=" ">
    <subfield code="a">NALT</subfield>
  </datafield>
  <datafield tag="942" ind1=" " ind2=" ">
    <subfield code="2">lcc</subfield>
    <subfield code="c">GB</subfield>
  </datafield>
  <datafield tag="999" ind1=" " ind2=" ">
    <subfield code="c">96164</subfield>
    <subfield code="d">96164</subfield>
  </datafield>
  <datafield tag="998" ind1=" " ind2=" ">
    <subfield code="j">1020</subfield>
    <subfield code="k"> &#xE19;&#xE32;&#xE07;&#xE08;&#xE33;&#xE40;&#xE23;&#xE35;&#xE22;&#xE07;  &#xE23;&#xE30;&#xE27;&#xE31;&#xE07;&#xE2A;&#xE33;&#xE42;&#xE23;&#xE07;</subfield>
  </datafield>
  <datafield tag="952" ind1=" " ind2=" ">
    <subfield code="0">0</subfield>
    <subfield code="1">0</subfield>
    <subfield code="2">lcc</subfield>
    <subfield code="4">0</subfield>
    <subfield code="7">0</subfield>
    <subfield code="8">CGBL</subfield>
    <subfield code="a">NALT</subfield>
    <subfield code="b">NALT</subfield>
    <subfield code="c">GEN</subfield>
    <subfield code="d">2019-07-12</subfield>
    <subfield code="e">3</subfield>
    <subfield code="l">0</subfield>
    <subfield code="o">TR 647.B4 &#xE14;435&#xE20; 2560</subfield>
    <subfield code="p">3961209551</subfield>
    <subfield code="r">2019-08-22 00:00:00</subfield>
    <subfield code="w">2019-07-12</subfield>
    <subfield code="y">GB</subfield>
  </datafield>
</record>
